Cities and space : (Record no. 34399)
[ view plain ]
| 000 -LEADER | |
|---|---|
| fixed length control field | 01092nam a22002891a 4500 |
| 001 - CONTROL NUMBER | |
| control field | 34399 |
| 003 - CONTROL NUMBER IDENTIFIER | |
| rucl marc code | BD-RjUL |
| 005 - DATE AND TIME OF LATEST TRANSACTION | |
| control field | 20211209052143.0 |
| 008 - FIXED-LENGTH DATA ELEMENTS--GENERAL INFORMATION | |
| fixed length control field | 140517m19671963mdua b 101 0 eng d |
| 035 ## - SYSTEM CONTROL NUMBER | |
| System control number | (BD-RjUL)34493 |
| 040 ## - CATALOGING SOURCE | |
| Original cataloging agency | LC |
| Language of cataloging | eng |
| Transcribing agency | LC |
| Modifying agency | XNTU |
| -- | BD-RjUL |
| 041 ## - LANGUAGE CODE | |
| Language code of text/sound track or separate title | eng |
| 082 04 - DEWEY DECIMAL CLASSIFICATION NUMBER | |
| Classification number | 711.4 |
| Author mark and year | CIT 1967 |
| 245 00 - TITLE STATEMENT | |
| Title | Cities and space : |
| Remainder of title | the future use of urban land; essays from the fourth RFF forum / |
| Statement of responsibility, etc. | by Lowdon Wingo, Jr. and others Edited by Lowdon Wingo, Jr. |
| 250 ## - EDITION STATEMENT | |
| Edition statement | Johns Hopkins Paperback ed. |
| 260 ## - PUBLICATION, DISTRIBUTION, ETC. (IMPRINT) | |
| Place of publication, distribution, etc. | Baltimore : |
| Name of publisher, distributor, etc. | Published for Resources for the Future by the Johns Hopkins Press |
| Date of publication, distribution, etc. | 1963 [reprinted 1967]. |
| 300 ## - PHYSICAL DESCRIPTION | |
| Pagination | 261 p. : |
| Illustrations | ill. ; |
| Size | 24 cm. |
| 504 ## - BIBLIOGRAPHY, ETC. NOTE | |
| Bibliography, etc | Includes bibliographical references and index. |
| 650 #0 - SUBJECT ADDED ENTRY--TOPICAL TERM | |
| Topical term or geographic name as entry element | City planning. |
| 9 (RLIN) | 104628 |
| Topical term or geographic name as entry element | City planning |
| Geographic subdivision | United States. |
| 9 (RLIN) | 49968 |
| 700 1# - ADDED ENTRY--PERSONAL NAME | |
| Personal name | Wingo, Lowdon, |
| Relator term | ed. |
| 710 2# - ADDED ENTRY--CORPORATE NAME | |
| Corporate name or jurisdiction name as entry element | Resources for the Future (U.S.) |
| 9 (RLIN) | 15517 |
| 711 2# - ADDED ENTRY--MEETING NAME | |
| Meeting name or jurisdiction name as entry element | RFF Forum on the Future Use of Urban Space, |
| Location of meeting | Washington, D.C., |
| Date of meeting | 1962. |
| 9 (RLIN) | 104630 |
| 942 ## - ADDED ENTRY ELEMENTS (KOHA) | |
| Source of classification or shelving scheme | Dewey Decimal Classification |
| Koha item type | Books |
| Lost status | Source of classification or shelving scheme | Damaged status | Not for loan | Collection code | Permanent Location | Current Location | Shelving location | Date acquired | Source of acquisition | Cost, normal purchase price | Total Checkouts | Full call number | Date last seen | Copy number | Koha item type |
|---|---|---|---|---|---|---|---|---|---|---|---|---|---|---|---|
| Dewey Decimal Classification | Not For Loan | Non-fiction | Central Library, University of Rajshahi | Central Library, University of Rajshahi | Reading Room | 28/08/1968 | Zeitlinger | 61.60 | 711.4 CIT 1967 | 17/05/2014 | C-1 | Books |